Catálogo

ECONOMIA POLITICA : (Registro nro. 34801)

Detalles MARC
000 -LEADER
fixed length control field 00477nam a2200181 a 4500
001 - CONTROL NUMBER
control field 34801
005 - DATE AND TIME OF LATEST TRANSACTION
control field 20180714003009.0
008 - FIXED-LENGTH DATA ELEMENTS--GENERAL INFORMATION
fixed length control field 140415s1970 000 0 spa d
041 ## - LANGUAGE CODE
Language code of text/sound track or separate title spa
082 ## - DEWEY DECIMAL CLASSIFICATION NUMBER
Classification number 330
Item number NIK
100 1# - MAIN ENTRY--PERSONAL NAME
Personal name NIKITIN, P.
245 10 - TITLE STATEMENT
Title ECONOMIA POLITICA :
Remainder of title (MANUAL DE DIVULGACION)
250 ## - EDITION STATEMENT
Edition statement 4a ed.
260 ## - PUBLICATION, DISTRIBUTION, ETC.
Place of publication, distribution, etc. [s.l.] :
Name of publisher, distributor, etc. FONDO DE CULTURA POPULAR,
Date of publication, distribution, etc. 1970
300 ## - PHYSICAL DESCRIPTION
Extent 399
650 14 - SUBJECT ADDED ENTRY--TOPICAL TERM
Topical term or geographic name entry element ECONOMIA POLITICA
700 1# - ADDED ENTRY--PERSONAL NAME
Personal name VLADOV, L.
Relator term tr.
Existencias
Withdrawn status Lost status Source of classification or shelving scheme Damaged status Not for loan Collection code Home library Current library Shelving location Date acquired Source of acquisition Inventory number Total Checkouts Full call number Barcode Date last seen Date last checked out Price effective from Koha item type
    Dewey Decimal Classification     General Biblioteca Karol Wojtyla Biblioteca Karol Wojtyla Sala general 03/12/2013 Compra 151000000000000000054506 1 330 NIK 52594 05/01/2026 04/09/2019 03/12/2013 Libro